[Event "Maia op 7th"]
[Site "Maia"]
[Date "2023.09.02"]
[Round "9"]
[White "Costa, Paulo Jorge Lopes"]
[Black "Yordanov, Lachezar"]
[Result "0-1"]
[WhiteElo "2024"]
[BlackElo "2316"]
[PlyCount "70"]
[EventDate "2023.08.25"]
[EventType "swiss"]
[EventRounds "9"]
[EventCountry "POR"]
[SourceTitle "EXT 2024"]
[Source "ChessBase"]
[SourceDate "2023.10.10"]
[SourceVersion "1"]
[SourceVersionDate "2023.10.10"]
[SourceQuality "1"]

1. Nf3 d5 2. d4 Nf6 3. e3 e6 4. Bd3 c5 5. b3 cxd4 6. exd4 Bb4+ 7. c3 Bd6 8. 0-0 Nc6 9. Bb2 0-0 10. c4 Nb4 11. Be2 b6 12. Nbd2 Bb7 13. a3 Nc6 14. Bd3 Rc8 15. Qe2 Qe7 16. Ne5 Rfd8 17. f4 Bb8 18. Nxc6 Bxc6 19. Rae1 Re8 20. Qf2 Bd6 21. b4 dxc4 22. Nxc4 Bd5 23. Ne5 a5 24. f5 axb4 25. axb4 Bxb4 26. Re3 exf5 27. Bxf5 Be6 28. Ng4 Nxg4 29. Bxg4 Qd7 30. Bh5 Bc4 31. Rg3 g6 32. Bg4 Qd5 33. Bxc8 Bxf1 34. Bc3 Bd6 35. Rf3 Bxg2 0-1

[Event "Famalicao op 10th"]
[Site "Vila Nova de Famalicao"]
[Date "2023.07.30"]
[Round "9"]
[White "Pereira, Carlos Marco Carval"]
[Black "Costa, Paulo Jorge Lopes"]
[Result "1/2-1/2"]
[WhiteElo "1567"]
[BlackElo "2037"]
[PlyCount "84"]
[EventDate "2023.07.24"]
[EventType "swiss"]
[EventRounds "9"]
[EventCountry "POR"]
[SourceTitle "EXT 2024"]
[Source "ChessBase"]
[SourceDate "2023.10.10"]
[SourceVersion "1"]
[SourceVersionDate "2023.10.10"]
[SourceQuality "1"]

1. d4 Nf6 2. Bf4 e6 3. e3 c5 4. c3 Nc6 5. Nf3 d5 6. Nbd2 Bd6 7. Bxd6 Qxd6 8. Be2 0-0 9. 0-0 e5 10. dxe5 Nxe5 11. Nxe5 Qxe5 12. h3 b6 13. a4 a5 14. Nf3 Qc7 15. Qc2 Bb7 16. Rfd1 Rad8 17. Rac1 Rfe8 18. Bb5 Re6 19. b3 Red6 20. Qe2 Ne4 21. Bd3 Qe7 22. Qc2 f5 23. Bxe4 dxe4 24. Nh2 Qd7 25. Rxd6 Qxd6 26. Nf1 Qd3 27. c4 Qxc2 28. Rxc2 g5 29. Rd2 Rxd2 30. Nxd2 Kf7 31. g3 Kf6 32. Kg2 Ke5 33. Nb1 Bc8 34. Nc3 Be6 35. Ne2 Bf7 36. Nc3 f4 37. g4 h5 38. Kh2 hxg4 39. hxg4 f3 40. Kg3 Be6 41. Kh3 Bf7 42. Kg3 Be6 1/2-1/2

[Event "Famalicao op 10th"]
[Site "Vila Nova de Famalicao"]
[Date "2023.07.26"]
[Round "5"]
[White "Anishka, Vikram"]
[Black "Costa, Paulo Jorge Lopes"]
[Result "1/2-1/2"]
[WhiteElo "1675"]
[BlackElo "2037"]
[PlyCount "114"]
[EventDate "2023.07.24"]
[EventType "swiss"]
[EventRounds "9"]
[EventCountry "POR"]
[SourceTitle "EXT 2024"]
[Source "ChessBase"]
[SourceDate "2023.10.10"]
[SourceVersion "1"]
[SourceVersionDate "2023.10.10"]
[SourceQuality "1"]

1. d4 Nf6 2. c4 e6 3. Nc3 Bb4 4. e3 0-0 5. Bd2 c5 6. a3 Bxc3 7. Bxc3 Ne4 8. Rc1 d6 9. Bd3 Nxc3 10. Rxc3 e5 11. dxe5 dxe5 12. Nf3 Qe7 13. Be4 Nd7 14. 0-0 Nf6 15. Qb1 a5 16. h3 Ra6 17. Rd1 Rd6 18. Rxd6 Qxd6 19. Bd3 Rd8 20. Ng5 g6 21. Ne4 Nxe4 22. Bxe4 Qd1+ 23. Qxd1 Rxd1+ 24. Kh2 Rd2 25. Rd3 Rxd3 26. Bxd3 f5 27. f3 Kg7 28. g4 e4 29. Be2 exf3 30. Bxf3 fxg4 31. hxg4 Kf6 32. Kg3 b6 33. Kf4 g5+ 34. Kg3 Ke5 35. a4 Bd7 36. b3 Be8 37. Kf2 Bg6 38. Bd1 Bd3 39. Kf3 h6 40. Kf2 Bg6 41. Kg3 Bb1 42. Kf3 Be4+ 43. Kf2 Kf6 44. Kg3 Ke6 45. Kf2 Ke5 46. Kg3 Bb1 47. Kf3 Bg6 48. Kg3 Bh7 49. Kf2 Bd3 50. Kf3 Bb1 51. Kf2 Ke4 52. Ke2 Bd3+ 53. Kf2 Bb1 54. Ke2 Bd3+ 55. Kf2 Ke5 56. Kf3 Be4+ 57. Kf2 Bg6 1/2-1/2

[Event "Maia op 6th"]
[Site "Maia"]
[Date "2022.08.28"]
[Round "4"]
[White "Christiansen, Johan Sebastian"]
[Black "Costa, Paulo Jorge Lopes"]
[Result "1-0"]
[WhiteElo "2607"]
[BlackElo "2061"]
[PlyCount "41"]
[EventDate "2022.08.26"]
[EventType "swiss"]
[EventRounds "9"]
[EventCountry "POR"]
[SourceTitle "CBM 210 Extra"]
[Source "ChessBase"]
[SourceDate "2022.11.30"]
[SourceVersion "1"]
[SourceVersionDate "2022.11.30"]
[SourceQuality "1"]

1. c4 Nf6 2. Nc3 e6 3. e4 c5 4. e5 Ng8 5. d4 cxd4 6. Qxd4 Nc6 7. Qf4 Nge7 8. Nf3 Ng6 9. Qe4 Qa5 10. Bd2 Ncxe5 11. 0-0-0 f5 12. Qe2 Nxf3 13. gxf3 Bd6 14. Nb5 Qb6 15. h4 Bb8 16. h5 Nf4 17. Qe3 0-0 18. Bb4 d5 19. Bxf8 Kxf8 20. Rh4 g5 21. hxg6 1-0

[Event "Merida World Heritage op 1st"]
[Site "Merida"]
[Date "2021.08.07"]
[Round "6"]
[White "Costa, Paulo Jorge Lopes"]
[Black "Ribeiro, Orlando Camilo Duar"]
[Result "1/2-1/2"]
[WhiteElo "2105"]
[BlackElo "1898"]
[PlyCount "75"]
[EventDate "2021.08.04"]
[EventType "swiss"]
[EventRounds "9"]
[EventCountry "ESP"]
[SourceTitle "EXT 2023"]
[Source "ChessBase"]
[SourceDate "2022.10.05"]
[SourceVersion "1"]
[SourceVersionDate "2022.10.05"]
[SourceQuality "1"]

1. Nf3 Nf6 2. c4 c5 3. g3 Nc6 4. Bg2 g6 5. Nc3 Bg7 6. d3 0-0 7. Bd2 d5 8. cxd5 Nxd5 9. Ng5 Nxc3 10. bxc3 Qc7 11. h4 h6 12. Ne4 b6 13. h5 g5 14. f4 f5 15. Qb3+ Kh8 16. Nf2 g4 17. e4 Bb7 18. 0-0 Na5 19. Qd1 e6 20. Qe2 Rfe8 21. Rac1 Qf7 22. d4 cxd4 23. cxd4 Bxd4 24. Rfd1 Rad8 25. Qb5 a6 26. Qa4 Qd7 27. Qxd7 Rxd7 28. Bc3 Red8 29. Rxd4 Rxd4 30. exf5 Bxg2 31. Kxg2 exf5 32. Nd3 Kg8 33. Bxd4 Rxd4 34. Rc8+ Kg7 35. Rc7+ Kf6 36. Ne5 Rd2+ 37. Kg1 Rxa2 38. Rh7 1/2-1/2

[Event "Lisbon Portugal op"]
[Site "Lisbon"]
[Date "2020.01.29"]
[Round "6"]
[White "Kurylski, Leonardo Tavares"]
[Black "Costa, Paulo Jorge Lopes"]
[Result "1-0"]
[WhiteElo "1980"]
[BlackElo "2179"]
[PlyCount "127"]
[EventDate "2020.01.25"]
[EventType "swiss"]
[EventRounds "9"]
[EventCountry "POR"]
[SourceTitle "CBM 194"]
[Source "ChessBase"]
[SourceDate "2020.01.27"]
[SourceVersion "1"]
[SourceVersionDate "2020.01.27"]
[SourceQuality "1"]

1. d4 d6 2. e4 g6 3. Nc3 Bg7 4. Be3 a6 5. a4 Nd7 6. a5 e5 7. h4 Ngf6 8. d5 Nc5 9. f3 Nh5 10. Nge2 f5 11. b4 Nd7 12. g4 fxg4 13. fxg4 Nf4 14. g5 h6 15. Rg1 hxg5 16. hxg5 Rh5 17. Bf2 Nf8 18. Ra3 Nh7 19. Nxf4 exf4 20. Ne2 Be5 21. Qc1 f3 22. Nf4 Rxg5 23. Rh1 Qf6 24. Rxh7 Bb2 25. Qd2 Bxa3 26. Bd4 Re5 27. Kf2 Bxb4 28. Qxb4 Qxf4 29. Bxe5 Qxe5 30. Rxc7 Qh2+ 31. Ke3 Qg1+ 32. Kd2 Qf2+ 33. Kc3 Qe1+ 34. Kb3 Qb1+ 35. Kc3 Qxb4+ 36. Kxb4 g5 37. c4 g4 38. c5 dxc5+ 39. Kxc5 Bd7 40. Kd4 g3 41. Ke3 g2 42. Bxg2 fxg2 43. Kf2 Ke7 44. Kxg2 Kd6 45. Rxb7 Bb5 46. Kf3 Rf8+ 47. Ke3 Rf1 48. Rb6+ Kc5 49. Re6 Ra1 50. Kf4 Rxa5 51. Ke5 Ra1 52. Kf6 Rh1 53. Re7 a5 54. Ke5 Rh5+ 55. Ke6 Rh6+ 56. Ke5 a4 57. Rc7+ Kb6 58. Rc3 Bd7 59. d6 Kb5 60. Rc7 Rh7 61. Kf6 Rh6+ 62. Ke7 Rh7+ 63. Kd8 Bc6 64. Rxh7 1-0

[Event "Lisbon Portugal op"]
[Site "Lisbon"]
[Date "2020.01.28"]
[Round "5"]
[White "Costa, Paulo Jorge Lopes"]
[Black "Vasli, Aref"]
[Result "0-1"]
[WhiteElo "2179"]
[BlackElo "2391"]
[PlyCount "102"]
[EventDate "2020.01.25"]
[EventType "swiss"]
[EventRounds "9"]
[EventCountry "POR"]
[SourceTitle "CBM 194"]
[Source "ChessBase"]
[SourceDate "2020.01.27"]
[SourceVersion "1"]
[SourceVersionDate "2020.01.27"]
[SourceQuality "1"]

1. Nf3 Nf6 2. g3 d5 3. Bg2 Bg4 4. 0-0 Nbd7 5. d3 c6 6. Nbd2 e5 7. h3 Bh5 8. e4 dxe4 9. dxe4 Qc7 10. Qe1 a5 11. a4 Bb4 12. c3 Be7 13. Nc4 0-0 14. Nh4 Rfd8 15. Nf5 Bf8 16. g4 Bg6 17. f4 Bxf5 18. exf5 Re8 19. fxe5 Nxe5 20. Qg3 Nd5 21. Nxe5 Rxe5 22. Qf3 Rae8 23. c4 Ne3 24. Bxe3 Rxe3 25. Qf4 Bd6 26. Qd4 Bh2+ 27. Kh1 Qg3 28. Ra3 h6 29. Qd7 Qc7 30. Qxc7 Bxc7 31. Rxe3 Rxe3 32. Rf3 Re2 33. b3 Kf8 34. Kg1 Bb6+ 35. Kh1 Ke7 36. Bf1 Rb2 37. Rd3 h5 38. g5 Rf2 39. f6+ gxf6 40. gxf6+ Rxf6 41. Be2 h4 42. Bg4 Rf1+ 43. Kg2 Rf2+ 44. Kh1 f5 45. Bh5 Rb2 46. Rf3 Rb1+ 47. Kh2 f4 48. Bg4 Be3 49. Kg2 Rb2+ 50. Kh1 Rxb3 51. Rf1 Kd6 0-1

[Event "Lisbon Portugal op"]
[Site "Lisbon"]
[Date "2020.01.27"]
[Round "4"]
[White "Candeias, Humberto"]
[Black "Costa, Paulo Jorge Lopes"]
[Result "0-1"]
[WhiteElo "1921"]
[BlackElo "2179"]
[PlyCount "113"]
[EventDate "2020.01.25"]
[EventType "swiss"]
[EventRounds "9"]
[EventCountry "POR"]
[SourceTitle "EXT 2021"]
[Source "ChessBase"]
[SourceDate "2020.10.23"]
[SourceVersion "1"]
[SourceVersionDate "2020.10.23"]
[SourceQuality "1"]

1. e4 c5 2. Nc3 a6 3. g3 b5 4. Bg2 Bb7 5. d3 e6 6. f4 d5 7. Qe2 Nf6 8. e5 Ng8 9. Nf3 Nh6 10. 0-0 Nc6 11. Nd1 Nf5 12. c3 h5 13. Ne3 g6 14. Bd2 Be7 15. Rfb1 a5 16. Nxf5 gxf5 17. d4 Ba6 18. Qf2 cxd4 19. cxd4 h4 20. Rc1 hxg3 21. Qxg3 Kd7 22. Qg7 Qg8 23. Qxg8 Raxg8 24. Be3 b4 25. b3 Bb5 26. Kf2 Ra8 27. Bf1 Bxf1 28. Rxf1 Na7 29. Rg1 Rag8 30. Rxg8 Rxg8 31. h4 Nb5 32. h5 Rh8 33. Rh1 Nc3 34. Ne1 Nxa2 35. Nd3 Nc3 36. Nc5+ Kc6 37. Nd3 Kb5 38. Bc1 Ne4+ 39. Kf3 a4 40. bxa4+ Kxa4 41. Bb2 Kb3 42. Ba1 Nd2+ 43. Ke2 Ne4 44. Kf3 Bf8 45. Rh2 Kc4 46. Nb2+ Kb3 47. Nd3 Kc4 48. Nc1 Nc3 49. Ke3 Bh6 50. Rc2 Ra8 51. Bxc3 bxc3 52. Ne2 Ra3 53. Nc1 Bf8 54. Na2 Bb4 55. h6 Ra8 56. Rc1 Rh8 57. Rh1 0-1

[Event "Lisbon Portugal op"]
[Site "Lisbon"]
[Date "2020.01.26"]
[Round "2"]
[White "Costa, Paulo Jorge Lopes"]
[Black "Sakthivel, Heamish Kanha"]
[Result "1/2-1/2"]
[WhiteElo "2179"]
[BlackElo "1584"]
[PlyCount "62"]
[EventDate "2020.01.25"]
[EventType "swiss"]
[EventRounds "9"]
[EventCountry "POR"]
[SourceTitle "EXT 2021"]
[Source "ChessBase"]
[SourceDate "2020.10.23"]
[SourceVersion "1"]
[SourceVersionDate "2020.10.23"]
[SourceQuality "1"]

1. Nf3 Nf6 2. g3 d5 3. Bg2 c6 4. 0-0 Bf5 5. d3 h6 6. c4 e6 7. cxd5 cxd5 8. Nc3 Be7 9. Qb3 Qc8 10. Bf4 a6 11. Na4 Nbd7 12. Rac1 Qd8 13. Qxb7 0-0 14. Nd4 Qe8 15. e4 dxe4 16. dxe4 Bh7 17. Nc6 Kh8 18. Rfd1 e5 19. Be3 a5 20. Nxe7 Qxe7 21. Bc5 Qe6 22. Bxf8 Rxf8 23. b3 h5 24. Rc6 Qg4 25. f3 Qg5 26. Rxd7 Qe3+ 27. Kf1 Bxe4 28. Rdd6 Ng4 29. fxg4 Bxg2+ 30. Kxg2 Qe2+ 31. Kg1 Qe1+ 1/2-1/2

[Event "Guimaraes op 3rd"]
[Site "Guimaraes"]
[Date "2019.08.31"]
[Round "5"]
[White "Costa, Paulo Jorge Lopes"]
[Black "Lopez Mulet, Inigo"]
[Result "0-1"]
[WhiteElo "2186"]
[BlackElo "2397"]
[PlyCount "134"]
[EventDate "2019.08.28"]
[EventType "swiss"]
[EventRounds "7"]
[EventCountry "POR"]
[SourceTitle "EXT 2020"]
[Source "ChessBase"]
[SourceDate "2019.10.17"]
[SourceVersion "1"]
[SourceVersionDate "2019.10.17"]
[SourceQuality "1"]

1. c4 c5 2. Nf3 Nc6 3. g3 g6 4. Bg2 Bg7 5. 0-0 d6 6. Nc3 Bf5 7. d3 Qd7 8. a3 Bh3 9. Nd5 Rc8 10. Rb1 Nf6 11. Bxh3 Qxh3 12. Nf4 Qd7 13. b4 h6 14. bxc5 dxc5 15. Bb2 0-0 16. h4 Rcd8 17. Qb3 b6 18. Qb5 Rfe8 19. Ne5 Nxe5 20. Bxe5 Qf5 21. Bxf6 Bxf6 22. Nd5 Bd4 23. Kg2 g5 24. hxg5 hxg5 25. Qc6 Kg7 26. Ne3 Qg6 27. Qxg6+ Kxg6 28. Nd5 Rd7 29. Rfc1 f5 30. Nc3 e6 31. Nb5 Be5 32. a4 g4 33. Na3 Kg5 34. Rh1 Rf8 35. f4+ gxf3+ 36. Kxf3 Rg7 37. Rh3 Rfg8 38. Rg1 Kf6 39. Nc2 Bb8 40. e3 Rg4 41. Rg2 Rd8 42. Rd2 Rxc4 43. Rh6+ Kg7 44. Rxe6 Rg4 45. Rg2 Rxd3 46. Re7+ Kf6 47. Rb7 Rd8 48. a5 Rg7 49. Rxg7 Kxg7 50. g4 fxg4+ 51. Rxg4+ Kf6 52. e4 Rd3+ 53. Ke2 Rh3 54. Rg8 Bf4 55. Rf8+ Ke5 56. Re8+ Kd6 57. Ra8 Kc6 58. Rxa7 Rh2+ 59. Kf3 Bb8 60. Ra6 Rxc2 61. Rxb6+ Kc7 62. Rb5 Ba7 63. e5 Kc6 64. Rb1 c4 65. Ke4 Re2+ 66. Kf5 c3 67. Rc1 c2 0-1

[Event "Guimaraes op 3rd"]
[Site "Guimaraes"]
[Date "2019.08.29"]
[Round "2"]
[White "Santos, Jose Guilherme B Li"]
[Black "Costa, Paulo Jorge Lopes"]
[Result "0-1"]
[WhiteElo "2213"]
[BlackElo "2186"]
[PlyCount "120"]
[EventDate "2019.08.28"]
[EventType "swiss"]
[EventRounds "7"]
[EventCountry "POR"]
[SourceTitle "EXT 2020"]
[Source "ChessBase"]
[SourceDate "2019.10.17"]
[SourceVersion "1"]
[SourceVersionDate "2019.10.17"]
[SourceQuality "1"]

1. e4 c5 2. Nf3 e6 3. g3 Nf6 4. Qe2 d5 5. d3 Be7 6. Bg2 0-0 7. 0-0 Nc6 8. e5 Nd7 9. c4 Nb6 10. b3 a5 11. a4 Bd7 12. Na3 Nb4 13. Nc2 Bc6 14. Nxb4 axb4 15. Bf4 Qc7 16. h4 Rfd8 17. Bh3 h6 18. g4 dxc4 19. dxc4 Bxf3 20. Qxf3 Bxh4 21. Bg2 Rd7 22. Qe3 Rad8 23. Be4 Rd4 24. a5 Nc8 25. Qf3 Ne7 26. Rfe1 Ng6 27. Bh2 Rd2 28. Bg3 Bxg3 29. Qxg3 Ra8 30. Bxg6 fxg6 31. Red1 Rxa5 32. Rxd2 Rxa1+ 33. Kh2 Qc6 34. Qg2 Qxg2+ 35. Kxg2 Re1 36. f4 Re3 37. Rd8+ Kf7 38. Rd7+ Kf8 39. Rxb7 Rxb3 40. Rb5 Rc3 41. Rxc5 b3 42. Rb5 Rxc4 43. Rxb3 Rxf4 44. Rb8+ Kf7 45. Rb7+ Kg8 46. Re7 Rxg4+ 47. Kf3 Rg5 48. Ke4 Rg4+ 49. Kf3 h5 50. Rxe6 Kf7 51. Ra6 Ke7 52. Rb6 Rg1 53. Kf4 Rg4+ 54. Kf3 Kf7 55. Ra6 Rb4 56. Ra7+ Ke6 57. Rxg7 Rg4 58. Ra7 Kxe5 59. Ra6 Kf5 60. Rb6 Ra4 0-1

[Event "Ourense Campus 6th"]
[Site "Ourense"]
[Date "2019.07.07"]
[Round "9.9"]
[White "Costa, Paulo Jorge Lopes"]
[Black "Vidal del Rio, Manuel"]
[Result "0-1"]
[WhiteElo "2197"]
[BlackElo "2124"]
[PlyCount "52"]
[EventDate "2019.07.01"]
[EventType "swiss"]
[EventRounds "9"]
[EventCountry "ESP"]
[SourceTitle "EXT 2024"]
[Source "ChessBase"]
[SourceDate "2023.10.10"]
[SourceVersion "1"]
[SourceVersionDate "2023.10.10"]
[SourceQuality "1"]

1. d4 d5 2. Nf3 Nf6 3. Bf4 e6 4. e3 c5 5. c3 Nc6 6. Nbd2 Bd6 7. Bg3 0-0 8. Bb5 Be7 9. Qe2 Nh5 10. Ne5 Nxg3 11. hxg3 Nxe5 12. dxe5 g6 13. Bd3 b5 14. g4 f5 15. f4 b4 16. cxb4 c4 17. Bc2 d4 18. Qxc4 dxe3 19. Nf3 fxg4 20. Nd4 Rxf4 21. 0-0-0 e2 22. Qxe2 Rxd4 23. Rxd4 Qxd4 24. Rd1 Qxb4 25. a3 Qf4+ 26. Rd2 Bg5 0-1

[Event "Ourense Campus 6th"]
[Site "Ourense"]
[Date "2019.07.05"]
[Round "7.9"]
[White "Costa, Paulo Jorge Lopes"]
[Black "Puga Sanchez, Miguel"]
[Result "1-0"]
[WhiteElo "2197"]
[BlackElo "2041"]
[PlyCount "73"]
[EventDate "2019.07.01"]
[EventType "swiss"]
[EventRounds "9"]
[EventCountry "ESP"]
[SourceTitle "EXT 2024"]
[Source "ChessBase"]
[SourceDate "2023.10.10"]
[SourceVersion "1"]
[SourceVersionDate "2023.10.10"]
[SourceQuality "1"]

1. Nf3 Nf6 2. g3 g6 3. b3 Bg7 4. Bb2 d6 5. Bg2 0-0 6. d4 Nbd7 7. 0-0 Rb8 8. Nbd2 b5 9. e4 e6 10. c4 Ba6 11. Qc2 Qe7 12. Rfe1 c5 13. d5 e5 14. Bf1 Ne8 15. Bd3 Nc7 16. a4 b4 17. Nh4 Bc8 18. Nf1 Ne8 19. Ra2 Nef6 20. Bc1 Nh5 21. Ng2 Nb6 22. Qd1 Bh3 23. f3 Nd7 24. Nfe3 Bxg2 25. Rxg2 f6 26. Bd2 Kf7 27. Nf5 gxf5 28. f4 Ke8 29. Qxh5+ Kd8 30. Qxf5 Kc7 31. Kh1 Rh8 32. Qe6 Qf8 33. Qf5 Qe7 34. Be2 Rbg8 35. Bg4 Nf8 36. Qc8+ Kb6 37. a5+ 1-0

[Event "Ourense Campus 6th"]
[Site "Ourense"]
[Date "2019.07.04"]
[Round "5.4"]
[White "Costa, Paulo Jorge Lopes"]
[Black "Espineira Gonzalez, Diego Adrian"]
[Result "0-1"]
[WhiteElo "2197"]
[BlackElo "2361"]
[PlyCount "100"]
[EventDate "2019.07.01"]
[EventType "swiss"]
[EventRounds "9"]
[EventCountry "ESP"]
[SourceTitle "EXT 2024"]
[Source "ChessBase"]
[SourceDate "2023.10.10"]
[SourceVersion "1"]
[SourceVersionDate "2023.10.10"]
[SourceQuality "1"]

1. Nf3 d5 2. d4 Nf6 3. c4 e6 4. g3 Be7 5. Bg2 0-0 6. 0-0 dxc4 7. Qc2 a6 8. Qxc4 b5 9. Qc2 Bb7 10. Bd2 Be4 11. Qc1 c6 12. a4 b4 13. Bf4 Nbd7 14. Nbd2 Bd5 15. Ne5 Bxg2 16. Kxg2 Nxe5 17. dxe5 Nd5 18. Ne4 Qb6 19. Qc4 Rfd8 20. Rfd1 Qc7 21. Rac1 h6 22. h4 Bxh4 23. Nd6 Be7 24. Qxc6 Qxc6 25. Rxc6 f6 26. e4 fxe5 27. Bxe5 Nf6 28. Rdc1 a5 29. f3 Nd7 30. Bf4 g5 31. Be3 Ne5 32. Nb7 Nxc6 33. Rxc6 Rd7 34. Nc5 Bxc5 35. Rxc5 Rd1 36. Kf2 Rb1 37. Bd4 Ra1 38. Rc7 Rxa4 39. Rg7+ Kf8 40. Rh7 Ra6 41. Rxh6 Ra1 42. Rh8+ Kf7 43. Rh7+ Kg6 44. Rg7+ Kh6 45. Rg8 Rd1 46. Be5 a4 47. f4 gxf4 48. gxf4 a3 49. f5 exf5 50. exf5 axb2 0-1

[Event "Ourense Campus 6th"]
[Site "Ourense"]
[Date "2019.07.03"]
[Round "4.10"]
[White "Bello Filgueira, Joaquin Antonio"]
[Black "Costa, Paulo Jorge Lopes"]
[Result "0-1"]
[WhiteElo "1785"]
[BlackElo "2197"]
[PlyCount "76"]
[EventDate "2019.07.01"]
[EventType "swiss"]
[EventRounds "9"]
[EventCountry "ESP"]
[SourceTitle "EXT 2024"]
[Source "ChessBase"]
[SourceDate "2023.10.10"]
[SourceVersion "1"]
[SourceVersionDate "2023.10.10"]
[SourceQuality "1"]

1. e4 c5 2. Nf3 e6 3. d4 cxd4 4. Nxd4 a6 5. Bd3 Bc5 6. Nb3 Be7 7. Qg4 g6 8. Nc3 Nf6 9. Qe2 d6 10. 0-0 Qc7 11. Kh1 Nbd7 12. f4 h5 13. f5 Ne5 14. fxg6 fxg6 15. Bg5 Nfg4 16. Bxe7 Qxe7 17. Nd4 g5 18. Qd2 Bd7 19. Nf3 Nxf3 20. Rxf3 Ne5 21. Rf2 0-0-0 22. Raf1 Qg7 23. Ne2 Ng4 24. Rf7 Qe5 25. Qc3+ Qxc3 26. Nxc3 Ne5 27. R7f6 Rdg8 28. Kg1 Kd8 29. Be2 Ke7 30. a3 g4 31. R6f2 h4 32. Rf4 Rg7 33. Bd3 Bc6 34. Be2 b5 35. Rd1 Rb8 36. Bd3 h3 37. g3 Nf3+ 38. Rxf3 gxf3 0-1

[Event "Ourense Campus 6th"]
[Site "Ourense"]
[Date "2019.07.02"]
[Round "3.5"]
[White "Costa, Paulo Jorge Lopes"]
[Black "Gonzalez Perez, Arian"]
[Result "0-1"]
[WhiteElo "2197"]
[BlackElo "2459"]
[PlyCount "56"]
[EventDate "2019.07.01"]
[EventType "swiss"]
[EventRounds "9"]
[EventCountry "ESP"]
[SourceTitle "EXT 2024"]
[Source "ChessBase"]
[SourceDate "2023.10.10"]
[SourceVersion "1"]
[SourceVersionDate "2023.10.10"]
[SourceQuality "1"]

1. Nf3 Nf6 2. g3 g6 3. b3 Bg7 4. Bb2 0-0 5. Bg2 c5 6. c4 d6 7. 0-0 e5 8. d3 Nc6 9. Nc3 h6 10. e3 Re8 11. a3 Be6 12. Qc2 Rc8 13. Nd2 d5 14. cxd5 Nxd5 15. Nxd5 Bxd5 16. Bxd5 Qxd5 17. Rfd1 Red8 18. Ne4 Na5 19. Bc3 Nxb3 20. Rab1 Nd4 21. Qb2 Nf3+ 22. Kg2 Ng5 23. f3 b6 24. Rd2 Nxf3 25. Kxf3 f5 26. Qb3 c4 27. Qa2 fxe4+ 28. dxe4 Rf8+ 0-1

[Event "Guimaraes 2nd"]
[Site "Guimaraes"]
[Date "2018.10.06"]
[Round "5"]
[White "Costa, Paulo Jorge Lopes"]
[Black "Areal, Pedro"]
[Result "1-0"]
[WhiteElo "2191"]
[BlackElo "1734"]
[PlyCount "35"]
[EventDate "2018.10.04"]
[EventType "swiss"]
[EventRounds "7"]
[EventCountry "POR"]
[SourceTitle "CBM 186 Extra"]
[Source "ChessBase"]
[SourceDate "2018.08.24"]
[SourceVersion "1"]
[SourceVersionDate "2018.08.24"]
[SourceQuality "1"]

1. d4 d5 2. Nf3 Nf6 3. c4 c6 4. Qc2 dxc4 5. Qxc4 Bf5 6. Nc3 e6 7. g3 Ne4 8. Bg2 Nd7 9. 0-0 Ndf6 10. Nh4 Nxc3 11. Nxf5 Nxe2+ 12. Qxe2 Be7 13. Nxg7+ Kd7 14. Bh3 Qg8 15. Nh5 Rd8 16. Nxf6+ Bxf6 17. d5 cxd5 18. Bf4 1-0

[Event "Guimaraes 2nd"]
[Site "Guimaraes"]
[Date "2018.10.05"]
[Round "3"]
[White "Costa, Paulo Jorge Lopes"]
[Black "Khamrakulov, Ibragim S"]
[Result "0-1"]
[WhiteElo "2191"]
[BlackElo "2432"]
[PlyCount "86"]
[EventDate "2018.10.04"]
[EventType "swiss"]
[EventRounds "7"]
[EventCountry "POR"]
[SourceTitle "CBM 186 Extra"]
[Source "ChessBase"]
[SourceDate "2018.08.24"]
[SourceVersion "1"]
[SourceVersionDate "2018.08.24"]
[SourceQuality "1"]

1. Nf3 c5 2. g3 Nc6 3. Bg2 g6 4. 0-0 Bg7 5. d3 e6 6. e4 Nge7 7. c3 0-0 8. Re1 e5 9. a4 b6 10. Na3 d5 11. exd5 Nxd5 12. Nc4 Re8 13. Ng5 f6 14. Qf3 Nde7 15. Ne4 Rf8 16. Ned6 Be6 17. a5 Rb8 18. axb6 axb6 19. Nb5 Qd7 20. Qe2 Rfd8 21. Bf1 Nf5 22. f4 Nb4 23. fxe5 fxe5 24. Ra7 Qxb5 25. cxb4 Nd4 26. Rxg7+ Kxg7 27. Qxe5+ Kg8 28. Bg2 Bxc4 29. dxc4 Qxc4 30. Bg5 Nc2 31. Bxd8 Rxd8 32. Qe6+ Qxe6 33. Rxe6 Rd1+ 34. Kf2 cxb4 35. Rxb6 Rd2+ 36. Kg1 Ne3 37. Bh3 Rxb2 38. Re6 Nc4 39. Re7 Nd2 40. Be6+ Kh8 41. Bd5 b3 42. Re2 Rc2 43. Bxb3 Rc1+ 0-1

[Event "Pontevedra op-A 6th"]
[Site "Pontevedra"]
[Date "2018.08.12"]
[Round "7"]
[White "Costa, Paulo Jorge Lopes"]
[Black "Estremera Panos, Sergio"]
[Result "0-1"]
[WhiteElo "2170"]
[BlackElo "2337"]
[PlyCount "110"]
[EventDate "2018.08.08"]
[EventType "swiss"]
[EventRounds "9"]
[EventCountry "ESP"]
[SourceTitle "EXT 2021"]
[Source "ChessBase"]
[SourceDate "2020.10.23"]
[SourceVersion "1"]
[SourceVersionDate "2020.10.23"]
[SourceQuality "1"]

1. d4 Nf6 2. Nf3 c5 3. c4 cxd4 4. Nxd4 e6 5. g3 d5 6. Bg2 e5 7. Nb3 d4 8. 0-0 Nc6 9. e3 Bg4 10. f3 Be6 11. exd4 exd4 12. Re1 Be7 13. Bg5 0-0 14. N1d2 Rc8 15. Bxf6 Bxf6 16. Nc5 d3 17. Nxe6 fxe6 18. Bh3 Nd4 19. Rxe6 Rc7 20. Re4 Ne2+ 21. Rxe2 dxe2 22. Qxe2 Qd4+ 23. Kf1 Re7 24. Ne4 Rxe4 25. fxe4 Qxb2 26. Re1 Bd4+ 27. Bf5 g6 28. Qxb2 Bxb2 29. Rb1 Bd4 30. Rxb7 gxf5 31. exf5 Rxf5+ 32. Ke2 Bb6 33. Kd3 Re5 34. Rb8+ Kf7 35. Rb7+ Kf6 36. Rd7 h5 37. Rd5 Rxd5+ 38. cxd5 Kf5 39. h3 Ke5 40. Kc4 Kd6 41. a4 Bf2 42. g4 hxg4 43. hxg4 Be3 44. Kd3 Bg5 45. Kd4 Bd8 46. Ke4 Be7 47. Kd4 Bf6+ 48. Ke4 a5 49. Kf5 Bc3 50. Ke4 Bh8 51. g5 Ba1 52. g6 Bh8 53. Kd3 Kxd5 54. Kc2 Bg7 55. Kb3 Kc5 0-1

[Event "Famalicao op 6th"]
[Site "Famalicao"]
[Date "2018.07.30"]
[Round "2"]
[White "Costa, Paulo Jorge Lopes"]
[Black "Branco, Joao Carlos Fernand"]
[Result "1-0"]
[WhiteElo "2170"]
[BlackElo "1706"]
[PlyCount "91"]
[EventDate "2018.07.29"]
[EventType "swiss"]
[EventRounds "9"]
[EventCountry "POR"]
[SourceTitle "CBM 185 Extra"]
[Source "ChessBase"]
[SourceDate "2018.07.29"]
[SourceVersion "1"]
[SourceVersionDate "2018.07.29"]
[SourceQuality "1"]

1. c4 c6 2. Nf3 d5 3. e3 Nf6 4. Nc3 e6 5. d4 Bb4 6. Bd3 dxc4 7. Bxc4 c5 8. 0-0 0-0 9. Qe2 Nc6 10. Rd1 Qe7 11. a3 Ba5 12. Bd2 cxd4 13. exd4 Rd8 14. Bg5 Bb6 15. Qe3 h6 16. Bh4 Qf8 17. Bxf6 gxf6 18. Qf4 Qg7 19. Qh4 Ne7 20. Ne4 Nf5 21. Qf4 Bd7 22. Rd2 Rac8 23. Rc2 Kh8 24. Rd1 Nxd4 25. Nxd4 Bxd4 26. Bb3 Rxc2 27. Bxc2 Bc6 28. g3 e5 29. Qh4 Bxe4 30. Qxe4 Qg6 31. Qe2 Qg5 32. Kg2 Rc8 33. Bb3 Qf5 34. Rd3 Rc7 35. Rf3 Qg5 36. Qe4 Kg7 37. Rf5 Qg6 38. h4 h5 39. Bc2 Qg4 40. f4 Kf8 41. Rxf6 Qc8 42. Bd3 Rc1 43. fxe5 Rg1+ 44. Kh2 Bb6 45. e6 Qc5 46. Qxb7 1-0